Digitazione veloce dalla A alla Z - Statistics

Statistiche generali
  • Questo quiz è stato fatto 270 volte
  • Il punteggio medio è 23 su 26
Statistiche sulle risposte
Risposta % Corretto
a
99%
b
97%
d
96%
e
95%
g
95%
h
95%
c
94%
f
94%
i
92%
l
89%
m
89%
o
89%
q
89%
r
89%
p
88%
t
87%
n
85%
u
85%
k
83%
s
83%
w
82%
j
80%
v
80%
y
76%
z
75%
x
72%
Nessun quiz corrispondente trovato
Distribuzione punteggi
Percentuale di utenti per punteggio
Percentile per numero di risposta
I tuoi punteggi nel tempo
Non hai fatto questo quiz